Deen Dayal upadhyaya's integral humanism : (Record no. 147706)

MARC details
000 -LEADER
fixed length control field 00580nam a22001817a 4500
005 - DATE AND TIME OF LATEST TRANSACTION
control field 20171128105146.0
010 ## - LCCN (DPL NO)
LC control number ENG-121581
020 ## - INTERNATIONAL STANDARD BOOK NUMBER
International Standard Book Number 9788192543079
Terms of availability 300.00
035 ## - SYSTEM CONTROL NUMBER
System control number EN-105113
037 ## - SOURCE OF ACQUISITION
Source of stock number/acquisition DBAD/PUB
082 ## - DEWEY DECIMAL CLASSIFICATION NUMBER
Classification number 144
245 ## - TITLE STATEMENT
Title Deen Dayal upadhyaya's integral humanism :
Statement of responsibility, etc edited by Mahesh J. Mehta
Remainder of title concept and applications /
260 ## - PUBLICATION, DISTRIBUTION, ETC. (IMPRINT)
Place of publication, distribution, etc New Delhi
Name of publisher, distributor, etc Carried, A Unit of Samarth, a Trust
Date of publication, distribution, etc 1980
270 ## - ADDRESS
Address 7312, Sriniwaspuri
City New Delhi
Postal code 110065
300 ## - PHYSICAL DESCRIPTION
Extent 147p,
Dimensions 22cm(pbk)
700 ## - ADDED ENTRY--PERSONAL NAME
Personal name Mehta, Mahesh J.
942 ## - ADDED ENTRY ELEMENTS (KOHA)
Source of classification or shelving scheme Dewey Decimal Classification
Item type English Books
Classification part 144
Call number suffix INT
Holdings
Withdrawn status Lost status Not for loan Collection code Home library Current library Date acquired Source of acquisition Cost, normal purchase price Full call number Barcode Copy number Cost, replacement price Koha item type
    Not For Loan Non-fiction D.B.Act.Division Bawana 23/11/2017 DBAD/PUB 300.00 144 DEEN EN-105113 1 300.00 English Books

© Delhi Public Library
Hit Counter
free hit counter